000 00474nam a2200181Ia 4500
005 20250923144515.0
008 008 250917s9999 xx 000 0 eng d
037 _aTextual
040 _aDSWL
_beng
_cDSWL
041 _aeng
_2eng
084 _qDSWL
100 _aGouldner, Alvin W.
_9825579
245 0 _aWildcat strike
_cby Gouldner
260 _aLondon
_bRouteledge Kegan Paul
_c1955
700 _aW Alvin
_9825580
942 _cTEXL
999 _c1439784
_d1439784